Lives at risk : public health in nineteenth-century Egypt /

محفوظ في:

المؤلف الرئيسي: Kuhnke, LaVerne.

التنسيق: كتاب

اللغة: English

منشور في: Cairo : The American University in Cairo Press, 1992.

الموضوعات:

الوسوم: إضافة وسم

لا توجد وسوم, كن أول من يضع وسما على هذه التسجيلة!

رقم الطلب: RA549 .K84

LEADER 00867nam a22002657a 4500
003 OSt
005 20251124102031.0
008 251124t19921990ua b 001 0 eng d
020 |a 9774242661 (alk. paper) 
040 |c ARCE Library 
050 1 4 |a RA549  |b .K84 
100 1 |a Kuhnke, LaVerne. 
245 1 0 |a Lives at risk :   |b public health in nineteenth-century Egypt /   |c LaVerne Kuhnke. 
264 1 |a Cairo :   |b The American University in Cairo Press,   |c 1992. 
300 |a x, 233 p. ;   |c 24 cm. 
336 |2 rdacontent  |a text  |b txt 
337 |2 rdamedia  |a unmediated  |b n 
338 |2 rdacarrier  |a volume  |b n 
504 |a Includes bibliographical references and index. 
650 0 |a Epidemics -- Egypt -- History.  
650 0 |a Medical care -- Egypt -- History. 
650 0 |a Public health -- Egypt -- History. 
901 |a reviewed 
942 |2 lcc  |c BK 
999 |c 49243  |d 49243